000 00747nam a2200193 a 4500
001 000045144
005 20250522113441.0
008 150205s1995 dr a 000 0 spa d
040 _aDO-SdBNP
_bspa
_cBNPHU
082 _a372.21
_bG943e
245 0 0 _aGuía de la evaluación del proceso del desarrollo del niño y la niña :
_bsegundo ciclo educación inicial /
_cpresentación ; Mechy Hernández.
260 _aSanto Domingo :
_bABM Impresora,
_c1995.
300 _a28 p. :
_bil. ;
_c28 cm.
650 4 _aEducación preescolar
_zRepública Dominicana
_vGUIAS
_973153
650 4 _aDesarrollo infantil
_vGUIAS
_973163
650 4 _aEducación inicial
_vGUIAS
_973155
650 0 _aNiños
_xcrecimiento
_973156
700 1 2 _aHernández, Mechy,
_epres.
_973157
999 _c44633
_d44633